000 00554nam a2200229Ia 4500
003 OSt
005 20220918203934.0
006 a|||||r|||| 00| 0
007 ta
008 220917b |||||||| |||| 00| 0 eng d
024 _a110,389
037 _cTextual
040 _aARTS
_cARTS
_beng
041 _2eng
_aeng
082 _aV46:19.N3, J1;1
100 _aFrye R N
245 0 _aNear East and the great powers
260 _c1951
650 _aHISTORY
942 _hV46:19.N3, J1;1
_cTEXL
_2CC
999 _c233739
_d233739